UCSC Library OPAC

Contemporary Eurasia (Record no. 69483)

MARC details
000 -LEADER
fixed length control field 00470nam a2200145Ia 4500
008 - FIXED-LENGTH DATA ELEMENTS--GENERAL INFORMATION
fixed length control field 240729s9999 xx 000 0 und d
245 #0 - TITLE STATEMENT
Title Contemporary Eurasia
260 ## - PUBLICATION, DISTRIBUTION, ETC.
Place of publication, distribution, etc. Armenia
260 ## - PUBLICATION, DISTRIBUTION, ETC.
Name of publisher, distributor, etc. Institute of Oriental Studies, NAS RA
650 ## - SUBJECT ADDED ENTRY--TOPICAL TERM
Topical term or geographic name entry element Asia and Eurasia, Africa, Pacific Area, and Antarctica | History (General) and history of Europe
650 ## - SUBJECT ADDED ENTRY--TOPICAL TERM
Topical term or geographic name entry element Law
856 ## - ELECTRONIC LOCATION AND ACCESS
Uniform Resource Identifier <a href="https://doaj.org/toc/26f7753012d84ffba7b7ebe4c646fbd9">https://doaj.org/toc/26f7753012d84ffba7b7ebe4c646fbd9</a>
942 ## - ADDED ENTRY ELEMENTS (KOHA)
Source of classification or shelving scheme Dewey Decimal Classification
942 ## - ADDED ENTRY ELEMENTS (KOHA)
Koha item type DOAJ E-Journal
945 ## - LOCAL PROCESSING INFORMATION (OCLC)
a 1
b Madushi Gamage
c 1
d Madushi Gamage
Holdings
Withdrawn status Lost status Damaged status Not for loan Collection Home library Current library Shelving location Date acquired Total checkouts Date last seen Price effective from Koha item type
        DOAJ E-Journal UCSC Library UCSC Digital Library DOAJ E- Journal 29/07/2024   29/07/2024 29/07/2024 DOAJ E-Journal